000 00774nab a2200241 u 4500
001 20201
003 HDC
007 cr bn ---aaaaa
008 210304c |r|noo 0 a d
040 _aHDC
245 0 _aLAW ON 'HALAL' EXPORTS SEEN BOOSTING TRADE
260 _a[No place] :
_b[publisher not identified],
_c2016
336 _atext
_2rdacontent
337 _acomputer
_2rdamedia
338 _aonline resource
_2rdacarrier
650 _aHalal export
_96113
650 _aHalal trade
_9970
710 _aTHE MANILA TIMES
856 _zRequest full-text at [email protected]
942 _2lcc
942 _cNEWS
942 _kNWSO 009991
999 _c17517
_d17517